| 000 | 01036nam2a22002291 4500 | ||
|---|---|---|---|
| 001 | rc\858330 | ||
| 005 | 20250622102758.0 | ||
| 035 | _a(NLR Aleph) 006239289 | ||
| 090 |
_a6651707 _c6651707 |
||
| 100 | _a20041129d1984 |||y0rusy50 ca | ||
| 101 | 0 | _arus | |
| 102 | _aRU | ||
| 105 | _ay ||||||||| | ||
| 200 | 0 | _aЧ. 1 | |
| 210 |
_d1984 _aБ. м. |
||
| 215 | _a87 с. | ||
| 461 | 0 |
_1001rc\858329 _12001#$aПроблемы гидрогеологии и карста$eТез. докл. науч.-техн. семинара, 27-28 нояб. 1984 г.$f[Редкол.: ...к. г.-м. н. Г.В. Бельтюков (отв. ред.) и др.]$vЧ. 1 _96651701 _cПермь _d1984 _f[Редкол.: ...к. г.-м. н. Г.В. Бельтюков (отв. ред.) и др.] _nБ. и. _oТез. докл. науч.-техн. семинара, 27-28 нояб. 1984 г. _tПроблемы гидрогеологии и карста _vЧ. 1 |
|
| 801 | 0 |
_aRU _bNLR _gpsbo |
|
| 801 | 1 |
_aRU _bELAR _2rusmarc |
|
| 852 |
_aNLR _j85-4/20598 |
||
| 942 | _cBOOK | ||
| 980 | _aNB | ||